书目信息 |
| 题名: |
化工原理
|
|
| 作者: | 王志魁 编 | |
| 分册: | ||
| 出版信息: | 北京 化学工业出版社 2004.10 |
|
| 页数: | 387页 | |
| 开本: | 26cm | |
| 丛书名: | ||
| 单 册: | ||
| 中图分类: | TQ02 | |
| 科图分类: | ||
| 主题词: | 化工原理--hua gong yuan li--高等学校--教材 | |
| 电子资源: | ||
| ISBN: | 7-5025-5759-8 | |
| 000 | 00773nam0 2200253 450 | |
| 001 | 0173946528 | |
| 005 | 20111215125552.93 | |
| 010 | @a7-5025-5759-8@dCNY32.00 | |
| 100 | @a20050421d2004 km y0chiy0120 ea | |
| 101 | 0 | @achi |
| 102 | @aCN@b110000 | |
| 105 | @aa a 000yy | |
| 200 | 1 | @a化工原理@Ahua gong yuan li@f王志魁编@Fwang zhi kui bian |
| 205 | @a3版 | |
| 210 | @a北京@c化学工业出版社@d2004.10 | |
| 215 | @a387页@c图@d26cm | |
| 320 | @a有书目 (第387页)。 | |
| 330 | @a全书分7章, 分别为流体流动、流体输送机械、沉降与过滤、传热、吸收、蒸馏、干燥。 | |
| 333 | @a高等学校教材 | |
| 606 | 0 | @a化工原理@Ahua gong yuan li@x高等学校@x教材 |
| 690 | @aTQ02@v4 | |
| 701 | 0 | @a王志魁@Awang zhi kui@4编 |
| 801 | 0 | @aCN@bRULIN@c20110330 |
| 905 | @a10447@dTQ02@eW460=3 | |
| 化工原理/王志魁编.-3版.-北京:化学工业出版社,2004.10 |
| 387页:图;26cm |
| 使用对象:高等学校教材 |
| ISBN 7-5025-5759-8:CNY32.00 |
| 全书分7章, 分别为流体流动、流体输送机械、沉降与过滤、传热、吸收、蒸馏、干燥。 |
| ● |
| 相关链接 |
|
|
|
正题名:化工原理
索取号:TQ02/W460=3
 
预约/预借
| 序号 | 登录号 | 条形码 | 馆藏地/架位号 | 状态 | 备注 |
| 1 | 452513 | 204525139 | 自科二线504/504自科库 30排1列2层/ [索取号:TQ02/W460=3] | 在馆 | |
| 2 | 464042 | 204640424 | 自科库501/501自科库 137排6列4层/ [索取号:TQ02/W460=3] | 在馆 | |
| 3 | 464043 | 204640433 | 自科二线504/110考试书库 3排3列3层/ [索取号:TQ02/W460=3] | 在馆 | |
| 4 | 464044 | 204640442 | 自科库501/501自科库 137排6列4层/ [索取号:TQ02/W460=3] | 在馆 | |
| 5 | 464045 | 204640451 | 自科二线400A/400A自科库 25排2列3层/ [索取号:TQ02/W460=3] | 在馆 | |
| 6 | 464046 | 204640460 | 自科二线504/504自科库 43排2列1层/ [索取号:TQ02/W460=3] | 在馆 | |
| 7 | 470329 | 204703295 | 自科二线504/504自科库 42排3列6层/ [索取号:TQ02/W460=3] | 在馆 | |
| 8 | 470964 | 204709645 | 自科二线504/504自科库 41排5列2层/ [索取号:TQ02/W460=3] | 在馆 | |
| 9 | 470965 | 204709654 | 自科二线504/504自科库 44排4列6层/ [索取号:TQ02/W460=3] | 在馆 | |
| 10 | 470966 | 204709663 | 自科二线400A/400A自科库 25排2列3层/ [索取号:TQ02/W460=3] | 在馆 | |
| 11 | 470967 | 204709672 | 自科二线400A/400A自科库 32排1列2层/ [索取号:TQ02/W460=3] | 在馆 | |
| 12 | 470968 | 204709681 | 自科二线504/110考试书库 1排3列4层/ [索取号:TQ02/W460=3] | 在馆 | |
| 13 | 470969 | 204709690 | 自科二线504/504自科库 41排5列3层/ [索取号:TQ02/W460=3] | 在馆 | |
| 14 | 470970 | 204709707 | 自科二线400A/400A自科库 25排2列3层/ [索取号:TQ02/W460=3] | 在馆 | |
| 15 | 470971 | 204709716 | 自科二线504/504自科库 43排2列1层/ [索取号:TQ02/W460=3] | 在馆 | |
| 16 | 470972 | 204709725 | 自科二线504/504自科库 43排3列3层/ [索取号:TQ02/W460=3] | 在馆 | |
| 17 | 470973 | 204709734 | 自科二线504/504自科库 41排5列2层/ [索取号:TQ02/W460=3] | 在馆 |